Arabisch - Alphabet - Statistiken

Allgemein
  • Dieses Quiz wurde 89 mal gespielt
    80 seit der letzten Aktualisierung
  • Das Durchschnittsergebnis liegt bei 20 aus 28
Antwortstatistiken
Buchstabe
am Ende/final
Buchstabe
mittig/medial
Buchstabe
vorne/initial
Buchstabe
separat/separate
Aussprache/ Name % Korrekt
ـﺎ ـﺎ ا ا a / alif
100%
ـﺐ ـﺒـ ب b / baa / beh
97%
ـﺖ ـﺘـ ت t / taa
92%
ـﺚ ـﺜـ ث th / thaa
82%
ـﺪ ـﺪ د د d / daal
79%
ـح ـحـ حـ ح H / Haa
77%
ـﺮ ـﺮ ر ر r / raa
77%
ـﺶ ـﺸـ ﺷـ ش sch / sh / shiin
74%
ـﺲ ـﺴـ ﺳـ س s / siin
74%
ـﺞ ـﺠـ ﺟـ ج g / j / giim
72%
ـﻲ ـﻴـ ﻳـ ي i / y / yaa
72%
ـﻚ ـﻜـ ﻛـ ك k / kaaf
72%
ـﻞ ـﻠـ ﻟـ ل l / laam
72%
ـﻦ ـﻨـ ﻧـ ن n / nuun
72%
ـﻢ ـﻤـ ﻣـ م m / miim
70%
ـﻮ ـﻮ و و w / waaw
67%
ـﺰ ـﺰ ز ز z / zaay / zayn
67%
ـﻪ ـﻬـ ﻫـ ه h / haa
66%
ـﻒ ـﻔـ ﻓـ ف f / faa
62%
ـﻂ ـﻄـ ﻃـ ط T / Taa
62%
ـﺺ ـﺼـ ﺻـ ص S / Saad
61%
ـﺾ ـﻀـ ﺿـ ضد D / Daad
59%
ـﺬ ـﺬ ذ ذ dh / dhaal
59%
ـﺦ ـﺨـ خـ خ kh / khaa
59%
ـﻖ ـﻘـ ﻗـ ق q / qaaf
56%
ـﻊ ـﻌـ ﻋـ ع stimmhafter pharyngaler Reibelaut / :ain
52%
ـﻆ ـﻈـ ﻇـ ظ DH / DHaa / Z / Za
51%
ـﻎ ـﻐـ ﻏـ غ gh / ghain
51%
Keine übereinstimmenden Quizze gefunden
Verteilung der Resultate
Anzahl Personen mit jedem Resultat
Perzentil nach korrekt beantworteten Fragen
Ihre Resultats-Entwicklung
Sie haben dieses Quiz seit der letzten Aktualisierung nicht gespielt